57. zjazd chemických spoločností

Bibliographic Details
Main Author: Aranyosiová, M. (Author)
Format: Article
Language:Slovak
PhysicalDescription:Fotogr.
ISSN:1336-7242
Subjects:

MARC

LEADER 00000nab a2200000 ar4500
001 vtls008962154
003 SK-MaSNL
005 20260303070717.0
008 070405c2005 xo |||||||||||000 b|slo
015 |a SNBRB2007/04  |2 snkbucl 
038 |a SNKBUCL 
040 |a SNKBUCL  |b slo  |c SNKBUCL  |e AACR2 
041 0 |a slo 
044 |a xo  |c SK 
080 |a 54:061.231:061.3  |2 1997 
100 1 |a Aranyosiová, M.  |4 aut  |9 835247 
245 1 0 |a 57. zjazd chemických spoločností  |c M. Aranyosiová 
246 3 |a Päťdesiaty siedmy zjazd chemických spoločností 
300 |b Fotogr. 
611 2 7 |a Zjazd chemických spoločností  |n (57. :  |d 2005 :  |c Tatranské Matliare, Slovensko)  |2 snkbucl  |9 1068494 
651 7 |a Poprad (Slovensko : okres)  |2 snkbucl  |9 28675 
651 7 |a Tatranské Matliare (Vysoké Tatry, Slovensko)  |2 snkbucl  |9 57541 
773 0 |t ChemZi  |g Roč. 1, č. 2 (2005), s. 12-17  |x 1336-7242 
852 |a SNK  |b KIS3GCP 
958 |a SK 
999 |c 1756611  |d 1758541